000 00850nam a2200229Ia 4500
005 20250108124853.0
008 008 250107s9999 xx 000 0 hin d
020 _a81-86920-31-5
037 _aTB
040 _aCRL
_bhin
_cCRL
041 _ahin
_2hin
084 _aO153,3N33:g(Y5927) R3
084 _qCRL
100 _aढींगरा, सुधा ओम, ले.
_9160837
245 0 _aनक्काशीदार केबिनेट
_cढींगरा, सुधा ओम, ले.
260 _aमध्य प्रदेश, भारत
_bशिवना प्रकाशन
_c2511
300 _a119पृ0
365 _aINR
_b200
650 _aहिन्दी कहानीहिन्दी साहित्य
_9729733
942 _cTB
_hO153,3N33:g(Y5927) R3
999 _c1234899
_d1234899